| 000 | 00000nam##2200000za#4500 |
| 001 | 9.681859 |
| 003 | CaOODSP |
| 005 | 20250611103645 |
| 007 | ta |
| 008 | 150407|2002||||xxc||||| f|0| 0 fre|d |
| 040 | |aCaOODSP|bfre |
| 043 | |an-cn--- |
| 086 | 1 |aA22-263/2002F |
| 110 | 1 |aCanada. |bAgriculture et agroalimentaire Canada. |
| 245 | 10|aExamen des programmes de protection du revenu / |cPréparé par le Groupe de travail fédéral/provincial - protection du revenu. |
| 260 | |aOttawa - Ontario : |bAgriculture et Agroalimentaire Canada |c2002. |
| 300 | |a200p. : |bgraphiques, tableaux ; |c28 cm. |
| 563 | |aReliure à spirale |
| 590 | |a02-26|b2002-06-28 |
| 691 | 07|aÉvaluation de programme|2gcpds |
| 691 | 07|aProgramme d'aide agricole|2gcpds |
| 691 | 07|aSécurité du revenu|2gcpds |
| 775 | 08|tSafety net review / |w(CaOODSP)9.648580 |
| 776 | 0#|tExamen des programmes de protection du revenu / |w(CaOODSP)9.637703 |